|
|
|
|
| LEADER |
00000naa2a2200000 4500 |
| 001 |
634776 |
| 005 |
20231101133829.0 |
| 035 |
|
|
|a (RuTPU)RU\TPU\conf\36594
|
| 035 |
|
|
|a RU\TPU\conf\36592
|
| 090 |
|
|
|a 634776
|
| 100 |
|
|
|a 20220913d2022 k y0rusy50 ca
|
| 101 |
0 |
|
|a rus
|
| 102 |
|
|
|a RU
|
| 105 |
|
|
|a y z 101zy
|
| 135 |
|
|
|a drgn ---uucaa
|
| 181 |
|
0 |
|a i
|
| 182 |
|
0 |
|a b
|
| 200 |
1 |
|
|a Исследование высоты полета бамбуковых стрекоз
|f Ван Хаожу, Ма Ли, Су Вэйе, Лю Иян
|g науч. рук. О. А. Слабухо
|
| 203 |
|
|
|a Текст
|c электронный
|
| 225 |
1 |
|
|a Актуальные проблемы инженерных наук
|
| 230 |
|
|
|a 1 компьютерный файл (pdf; 930 Kb)
|
| 300 |
|
|
|a Заглавие с экрана
|
| 320 |
|
|
|a [Библиогр.: с. 416 (3 назв.)]
|
| 463 |
|
0 |
|0 (RuTPU)RU\TPU\conf\36575
|t Научная инициатива иностранных студентов и аспирантов
|o сборник докладов II Международной научно-практической конференции, Томск, 26-28 апреля 2022 г.
|f Национальный исследовательский Томский политехнический университет. Школа базовой инженерной подготовки
|v [С. 411-416]
|d 2022
|
| 610 |
1 |
|
|a электронный ресурс
|
| 610 |
1 |
|
|a труды учёных ТПУ
|
| 610 |
1 |
|
|a высота
|
| 610 |
1 |
|
|a полеты
|
| 610 |
1 |
|
|a траектории
|
| 610 |
1 |
|
|a аэродинамика
|
| 610 |
1 |
|
|a лопасти
|
| 701 |
|
0 |
|a Ван Хаожу
|
| 701 |
|
0 |
|a Ма Ли
|
| 701 |
|
0 |
|a Су Вэйе
|
| 701 |
|
0 |
|a Лю Иян
|
| 702 |
|
1 |
|a Слабухо
|b О. А.
|c лингвист
|c старший преподаватель Томского политехнического университета
|f 1978-
|g Олеся Анатольевна
|2 stltpush
|4 727
|
| 712 |
0 |
2 |
|a Национальный исследовательский Томский политехнический университет
|b Школа базовой инженерной подготовки
|b Отделение русского языка
|h 8030
|2 stltpush
|3 (RuTPU)RU\TPU\col\23517
|
| 801 |
|
2 |
|a RU
|b 63413507
|c 20221011
|g RCR
|
| 856 |
4 |
|
|u http://earchive.tpu.ru/handle/11683/73076
|
| 942 |
|
|
|c BK
|